000 00526nam a2200193Ia 4500
003 GCL
008 140319s9999 xx 000 0 ara d
040 _aGCL /
_cGCL
082 0 4 _a811.092
_bى س
100 1 _aيحيى الرخاوى
245 1 0 _aسر اللعبة /
_cيحيى الرخاوى
260 _a[S.N] :
_bدار المقطم للصحة النفسية
300 _a134 ص
490 _a
650 0 4 _aالشعر العربى
650 0 4 _aمصر
650 0 4 _aالشعر المسرحى
942 _2ddc
_cBK
999 _c55294
_d55294